| 000 | 00825cab a2200217 4500 | ||
|---|---|---|---|
| 001 | WB3335-46 | ||
| 008 | 090401t1997 xxu||||| |||| 00| 0 eng d | ||
| 035 | _a(Sirsi) u80793 | ||
| 041 | _aeng | ||
| 245 | _aPrice paid information disclosure | ||
| 260 | _c1997 | ||
| 350 | _a0 | ||
| 490 |
_aCSM _bChartered Surveyor Monthly _v7(1) September 1997, 10(1) |
||
| 520 | _aThe RICS has made a commitment to increased transparency in the property market through its `information markets` strategy, adopted by the general council. A core of the strategy is the disclosure of price-paid information from the Land Registery. | ||
| 650 | _aLAND REGISTER | ||
| 650 | _aHM LAND REGISTRY | ||
| 650 | _aPRICE PAID DISCLOSURE | ||
| 690 | _aMANAGEMENT-BUSINESS MANAGEMENT-PROFESSIONAL PRACTICE | ||
| 942 | _n0 | ||
| 948 | _c11/09/1997 | ||
| 999 |
_c50881 _d50881 |
||